| 000 | 00795nam a2200241 a 4500 | ||
|---|---|---|---|
| 005 | 20210223125626.0 | ||
| 008 | 050420s1993 mx r 000 0 spa d | ||
| 020 | _a8474236878 | ||
| 035 | _aUPN01000138190 | ||
| 049 | _aCG | ||
| 050 | 4 |
_aBF173 _bK4.3 |
|
| 100 | 1 | _aKerr, John | |
| 245 | 1 | 3 |
_aLa historia secreta del psicoanálisis : _bJung, Freud y Sabina Spielrein / _cJohn Kerr ; tr. Bettina Blanch. |
| 260 |
_aBarcelona, Esp. : _bCrítica, _c1993. |
||
| 300 | _a543 p. | ||
| 440 | 0 | _aDrakontos | |
| 534 |
_pTraducción de: _tA most dangerous method : the story of Jung, Freud, and Sabina Spielrein |
||
| 600 | 1 | 4 |
_aJUNG, CARL GUSTAV, _d1875-1961 |
| 600 | 1 | 4 |
_aFREUD, SIGMUND, _d1856-1939 |
| 600 | 1 | 4 | _aSPIELREIN, SABINA |
| 650 | 4 |
_aPSICOANALISIS - _xHISTORIA _96139 |
|
| 905 | _aLibro | ||
| 999 |
_c110338 _d110338 |
||